Sanat - "Ilouutinen" - Statistics

Yleistilastot
  • Tätä visaa on pelattu 32 kertaa
  • Keskiarvotulos 62 / 73
Vastaustilastot
Vastaus % Oikein
Nyt
100%
nyt
100%
Nyt
100%
nyt
100%
nyt
100%
aa
96%
aa
96%
aa
96%
aa
96%
aa
96%
aa
96%
aa
96%
aa
96%
aa
96%
enkelten
96%
kaikki
96%
kaikki
96%
kaikki
96%
laulamaan
96%
laulamaan
96%
laulamaan
96%
laulamaan
96%
laulamaan
96%
laulamaan
96%
Maailma
96%
maailmaan
96%
maailmaan
96%
maailmaan
96%
on
96%
on
96%
on
96%
poika
96%
poika
96%
poika
96%
syntynyt
96%
syntynyt
96%
syntynyt
96%
tulkaa
96%
tulkaa
96%
tulkaa
96%
tulkaa
96%
tulkaa
96%
tulkaa
96%
avautuu
91%
kuoro
91%
taivaat
91%
laulaa
87%
maan
87%
maan
87%
ääriin
83%
ilouutinen
83%
kantautuu
83%
suuri
83%
ja
78%
kuu
70%
aurinko
65%
Herralle
65%
kumartavat
65%
lapselle
65%
kansa
61%
myös
61%
tähdet
61%
tuikkii
61%
vastaanottamaan
61%
Herraa
57%
koko
57%
peittää
57%
kokoontuu
52%
kun
52%
kirkastuu
48%
huolet
43%
kukat
43%
unohtuu
43%
Ehtoja vastaavia visoja ei löytynyt
Tulosjakauma
Jokaisen tuloksen saaneiden osuus
Persentiili vastausten määrän mukaan
Tuloshistoriasi
Et ole pelannut tätä visaa